|
|
|
|
| LEADER |
00000cam a2200000 a 4500 |
| 001 |
vtls010594984 |
| 003 |
SK-MaSNL |
| 005 |
20260301215100.0 |
| 008 |
160429s2014 xo o g bc 000 0dslo |
| 015 |
|
|
|a SNBE2014
|
| 020 |
|
|
|a 9788088918271 (brož.)
|
| 040 |
|
|
|a SNK
|b slo
|c SNK
|e AACR2
|
| 041 |
0 |
|
|a slo
|a eng
|
| 043 |
|
|
|a e-xo---
|
| 044 |
|
|
|a xo
|c SK
|
| 072 |
|
7 |
|a 72/76
|x Výtvarné umenie
|2 konspekt
|
| 072 |
|
7 |
|a 75
|x Maliarstvo
|2 konspekt
|
| 080 |
|
|
|a 72/76:069
|2 2001
|
| 080 |
|
|
|a 75.071.1-055.2
|2 2001
|
| 080 |
|
|
|a (437.6)
|2 2001
|
| 080 |
|
|
|a (036)
|2 2001
|
| 080 |
|
|
|a 72/76:069.5
|2 2001
|
| 080 |
|
|
|a 75(437.6)
|2 2001
|
| 080 |
|
|
|a (084.11)
|2 2001
|
| 100 |
1 |
|
|a Ľuptáková, Eva,
|d 1956-2025
|4 aut
|4 com
|9 124839
|
| 245 |
1 |
0 |
|a Mária Medvecká
|b sprievodca po expozícii Galérie Márie Medveckej Tvrdošín, Orava
|c Eva Ľuptáková a kolektív
|
| 260 |
|
|
|a V Dolnom Kubíne
|b Oravská galéria
|c 2014
|
| 300 |
|
|
|a 153 s.
|b fotogr.
|c 23 cm
|
| 366 |
|
|
|e 1000 výt.
|
| 500 |
|
|
|a Vydané pri príležitosti 100. výročia narodenia maliarky Márie Medveckej
|
| 500 |
|
|
|a Životopisné dáta prehľad výstav, zoznam vystavených diel
|
| 500 |
|
|
|a Čiast. text angl.
|
| 504 |
|
|
|a Bibliografia s. 152-153
|
| 600 |
1 |
7 |
|a Medvecká, Mária,
|d 1914-1987
|2 SNKMA
|9 118185
|
| 610 |
2 |
7 |
|a Oravská galéria (Dolný Kubín, Slovensko).
|b Galéria Márie Medveckej (Tvrdošín, Slovensko)
|2 SNKKA
|9 33609
|
| 650 |
0 |
7 |
|a galérie
|2 SNKPH
|9 21513
|
| 650 |
0 |
7 |
|a maliarky
|2 SNKPH
|9 93021
|
| 650 |
0 |
7 |
|a Art galleries
|2 SNKPHeng
|9 268036
|
| 650 |
0 |
7 |
|a Women painters
|2 SNKPHeng
|9 302571
|
| 650 |
0 |
7 |
|a umelecké zbierky
|2 SNKPH
|9 2982
|
| 650 |
0 |
7 |
|a slovenské maliarstvo
|2 SNKPH
|9 3124
|
| 650 |
0 |
7 |
|a Art collections
|2 SNKPHeng
|9 303322
|
| 650 |
0 |
7 |
|a Slovak painting
|2 SNKPHeng
|9 302574
|
| 651 |
|
7 |
|a Tvrdošín (Slovakia)
|2 SNKPHeng
|9 414878
|
| 651 |
|
7 |
|a Tvrdošín (Slovensko)
|2 SNKPH
|9 54539
|
| 655 |
|
7 |
|a sprievodcovia (publikácie)
|2 SNKPH
|9 219172
|
| 655 |
|
7 |
|a Guidebooks
|2 SNKPHeng
|9 268010
|
| 655 |
|
7 |
|a obrazové publikácie
|2 SNKPH
|9 70343
|
| 655 |
|
7 |
|a Pictorial works
|2 SNKPHeng
|9 284468
|
| 752 |
|
|
|a Slovensko
|d Dolný Kubín
|
| 852 |
|
|
|a Štátna vedecká knižnica v Banskej Bystrici
|
| 852 |
|
|
|a Akadémia umení v Banskej Bystrici
|
| 919 |
|
|
|a 978-80-88918-27-1
|
| 999 |
|
|
|c 926823
|d 928753
|
| 952 |
|
|
|a SNK
|b SNK
|y PREZ
|7 0
|p 17A1110625
|o snkOSC 26829
|i snk2014/12367
|8 0
|0 0
|1 0
|4 0
|d 2014-05-27
|l 0
|r 2026-02-24 08:36:20
|w 2026-02-24
|
| 952 |
|
|
|a SNK
|b SNK
|y VYP
|7 0
|p 17A1110626
|o snkOSC 26829 D1
|i snk2014/12368
|8 0
|0 0
|1 0
|4 0
|d 2014-05-27
|l 0
|r 2026-02-24 08:36:20
|w 2026-02-24
|